Đại thắng mùa xuân /
Tallennettuna:
| Päätekijä: | |
|---|---|
| Aineistotyyppi: | Sách giấy |
| Kieli: | Vietnamese |
| Julkaistu: |
H. :
Chính trị Quốc gia,
2003.
|
| Painos: | In lần thứ 4 có bổ sung và sửa chữa. |
| Aiheet: | |
| Tagit: |
Lisää tagi
Ei tageja, Lisää ensimmäinen tagi!
|
| Thư viện lưu trữ: | Thư viện Trường Đại học Đà Lạt |
|---|
| LEADER | 00771nam a2200301 4500 | ||
|---|---|---|---|
| 001 | DLU120136002 | ||
| 005 | ##20120605 | ||
| 040 | # | # | |a DLU |b vie |
| 041 | # | # | |a vie |
| 044 | # | # | |a vn |
| 082 | # | # | |a 959.704 3 |b VA-D |
| 100 | # | # | |a Văn Tiến Dũng. |
| 245 | # | # | |a Đại thắng mùa xuân / |c Văn Tiến Dũng. |
| 250 | # | # | |a In lần thứ 4 có bổ sung và sửa chữa. |
| 260 | # | # | |a H. : |b Chính trị Quốc gia, |c 2003. |
| 300 | # | # | |a 277 tr. ; |c 21 cm. |
| 650 | # | # | |a Chiến tranh Việt Nam, 1961-1975 |x Chiến dịch. |
| 923 | # | # | |a 01/2012DP |
| 991 | # | # | |a SH |
| 992 | # | # | |a 30000 |
| 994 | # | # | |a KDP |
| 900 | # | # | |a True |
| 911 | # | # | |a Đào Thị Thu Huyền |
| 925 | # | # | |a G |
| 926 | # | # | |a A |
| 927 | # | # | |a SH |
| 980 | # | # | |a Thư viện Trường Đại học Đà Lạt |